| 000 | 00895nam a2200241Ia 4500 | ||
|---|---|---|---|
| 005 | 20241216010305.0 | ||
| 008 | 180423s9999||||xx |||||||||||||| ||und|| | ||
| 020 | _a84-7827-069-8 | ||
| 082 |
_a370.114 _bA31 |
||
| 100 | _aAGUARELES M.A., BUARRAIS M.R., CARRILLO I., CREUS V., DEL M. GALCERAN M., GRASA R., HERAS P., LOPEZ S., MARTIN X., MARTINEZ M., MASNOU F., MOLAS A., | ||
| 245 | 0 |
_aLA EDUCACION MORAL _bPERSPECTIVAS DE FUTURO Y TECNICAS DE TRABAJO |
|
| 250 | _a4 | ||
| 260 |
_aBARCELONA-ESPAÑA _bEDITORIAL GRAO _c2002 |
||
| 300 |
_a212 pag. _c21 cm |
||
| 341 | _h37.5 | ||
| 440 | _aMATERIALES PARA LA INNOVACION EDUCATIVA | ||
| 490 |
_v0 _a0 |
||
| 505 | _aEDUCACION MORAL Y ESCUELA/METODOS DE EDUCACION MORAL/PUNTOS DE VISTA EN EDUCACION MORAL | ||
| 541 |
_aC _bLIBRERIA SAN CRISTOBAL _d01-Aug-07 _odólar |
||
| 650 | _aCIENCIAS SOCIALES | ||
| 856 | _zHumanidades | ||
| 942 | _cLIBRO | ||
| 999 |
_c10540 _d10540 |
||